| 000 | 00422nam a22001817a 4500 | ||
|---|---|---|---|
| 003 | CEME | ||
| 005 | 20210628202542.0 | ||
| 008 | 210122b xxu||||| |||| 00| 0 eng d | ||
| 020 | _a81-88719-19-6 | ||
| 040 | _c. | ||
| 082 | _a512.02 SAR | ||
| 100 |
_aSarangi, K.C _960451 |
||
| 245 | _a Abstract algebra | ||
| 260 |
_aINDAI _bINDUS _c2005 |
||
| 300 | _a300 P | ||
| 650 |
_aABSTRACT ALGEBRA _960452 |
||
| 942 |
_cBK _2ddc |
||
| 999 |
_c570165 _d570165 |
||